000 00361pab a2200145 454500
008 180718b2004 xxu||||| |||| 00| 0 eng d
100 _aMares, Isabela
245 _aWage bargaining in the presence of social services and transfers
260 _c2004
300 _ap.99-142.
362 _aOct
650 _aWages
773 _aWorld Politics
909 _a66724
999 _c66724
_d66724